000 00630nam a2200217 i 4500
001 36227
003 ES-MaACL
005 20230906155328.0
007 t|
008 030217s1983 sp ||||1| spa d
100 1 _aBreuer, George.
_931643
245 1 3 _aLa modificación del tiempo /
_cGeorge Breuer ; versión de Joaquín Catalá de Alemany.
250 _a1ª ed.
260 _a[Madrid] :
_bAlhambra,
_c[1983]
300 _aXVIII, 250 p. ;
_c20 cm.
490 1 _aExedra
700 1 _aCatalá de Alemany, Joaquín.
_937008
830 0 _aExedra
_9177436
852 _aES-MaACL
_jL-4684
_bR.104760
999 _c36227
_d36227